| 000 | 01348nam a2200349 i 4500 | ||
|---|---|---|---|
| 003 | DO-SdBNP | ||
| 005 | 20240426135342.0 | ||
| 007 | ta | ||
| 008 | 240426s2023 dr ac 000 0 spa d | ||
| 020 | _a9789945179842 | ||
| 040 |
_aDO-SdBNP _bspa _cBNPHU _erda |
||
| 082 |
_222 _bF723i |
||
| 245 | 0 | 0 |
_aFormación integral humana y religiosa 2 : _beducación secundaria. / _cdirección editorial Anna Rogero, Denise Pineda Martínez : fotografías Alberto Reyes Ríos, Jaime Vicario, Javier Calbet, Yolanda Álvarez, Fernando Favoretto y otros |
| 264 | 1 |
_aSanto Domingo, : _bSM, _c2023. |
|
| 300 |
_a126 páginas _bilustraciones, retratos _c28 cm. |
||
| 336 |
_2rdacontent _atexto _btxt |
||
| 337 |
_2rdamedia _asin mediación _bn |
||
| 338 |
_2rdacarrier _avolumen _bnc |
||
| 490 | 1 |
_aSer y saber _v2 |
|
| 500 | _aEducación secundaria | ||
| 504 | _aBibliografía p: 126 | ||
| 590 | _aInventariado, 2024/ YL | ||
| 700 | 1 |
_aRogero, Anna _edirección _930656 |
|
| 700 | 1 |
_aPineda Martínez, Denise _edirección _974837 |
|
| 700 | 1 |
_aReyes Ríos, Alberto _efotografías _985338 |
|
| 700 | 1 |
_aVicario, Jaime _efotografías _945339 |
|
| 700 | 1 |
_aCalbet, Javier _efotografías _985339 |
|
| 700 | 1 |
_aÁlvarez, Yolanda _efotografías _985340 |
|
| 700 | 1 |
_aFavoretto, Fernando _efotografías _985342 |
|
| 910 | _aYLockward | ||
| 942 |
_2ddc _cLBS1 |
||
| 999 |
_c56531 _d56531 |
||